ස්ත්‍රී පුරුෂ සමාජභාවීය ක්‍රියාවලියක් ලෙස සාමය ගොඩනැංවීම : (Record no. 4690)

MARC details
000 -LEADER
fixed length control field 00967nam a2200169 4500
003 - CONTROL NUMBER IDENTIFIER
control field LK-CoMWRAF
005 - DATE AND TIME OF LATEST TRANSACTION
control field 20240128231653.0
008 - FIXED-LENGTH DATA ELEMENTS--GENERAL INFORMATION
fixed length control field 240128b |||||||| |||| 00| 0 eng d
040 ## - CATALOGING SOURCE
Original cataloging agency LK-CoMWRAF
Modifying agency LK-CoMWRAF
Description conventions LK-CoMWRAF
041 ## - LANGUAGE CODE
Language code of text/sound track or separate title Sinhala; Sinhalese
082 ## - DEWEY DECIMAL CLASSIFICATION NUMBER
Classification number 303.66
Item number KOD
942 ## - ADDED ENTRY ELEMENTS (KOHA)
Koha item type Books
100 ## - MAIN ENTRY--PERSONAL NAME
Personal name කොඩිකාර. චූලනී
Personal name (Transliterated) Kodikara, Choolani
245 ## - TITLE STATEMENT
Title ස්ත්‍රී පුරුෂ සමාජභාවීය ක්‍රියාවලියක් ලෙස සාමය ගොඩනැංවීම :
Remainder of title කාන්තාවන් විසින් සාමය ගොඩනැන්වීමට දරන ලද උත්සාහය අවබෝධ කර ගැනීම 1970 දශකය - 2008
246 ## - VARYING FORM OF TITLE
Title proper/short title Sthree purusha samajabhaweeya kriyawaliyakclesa samaya godananweema : Kanthawan wisin samaya godananweemata darana uthsahayan awabhodha kara ganeema 1970 dhasakaya - 2008
260 ## - PUBLICATION, DISTRIBUTION, ETC. (IMPRINT)
Place of publication, distribution, etc. Colombo :
Name of publisher, distributor, etc. Women defining peace,
Date of publication, distribution, etc. 2009
Holdings
Withdrawn status Lost status Damaged status Not for loan Permanent Location Current Location Date acquired Full call number Barcode Koha item type
        Resource center, Muslim Women's Research And Action Forum Resource center, Muslim Women's Research And Action Forum 2024-01-28 303.66 KOD RAF4990 Books
        Resource center, Muslim Women's Research And Action Forum Resource center, Muslim Women's Research And Action Forum 2024-01-28 303.66 KOD RAF4991 Books

Copyright © 2023 Muslim Women's Research and Action Forum (MWRAF), No 27/3, Anderson Road, Kalubowila, Dehiwela. Funded by The Asia Fundation